000 01243nam0a22002891 4500
001 rc\140877
005 20250620204429.0
010 _a5-203-01656-9
_910000
035 _a(NLR Aleph) 005412405
090 _a7387866
_c7387866
100 _a20030307d1996 |||y0rusy50 ca
101 0 _arus
102 _aRU
105 _ay |||||||||
200 1 _aКазачья исповедь
_fН.А. Келин
210 _aМ.
_cВоениздат
_d1996
215 _a478, [2] с.
_d22
225 1 _aРедкая книга
300 _aНа пер. только загл. сер.
423 0 _12001#$aЖертвы Ялты$e[О насильств. репатриации бывших совет. граждан на Родину после второй мировой войны]$fН.Д. Толстой
_1700#1$aТолстой$bН.Д.$gНиколай Дмитриевич$f1935-$3RU\NLR\AUTH\770250747
_tЖертвы Ялты
_aТолстой, Николай Дмитриевич (1935-)
700 1 _7ca
_8rus
_aКелин
_bН. А.
_f1896-1970
_gНиколай Андреевич
_9160285
_3RU\NLR\AUTH\770160327
801 0 _aRU
_bNLR
_gpsbo
801 1 _aRU
_bELAR
_2rusmarc
852 _aNLR
_j96-5/3107
942 _cBOOK
980 _aNB